| 000 | 00732nam a22002177a 4500 | ||
|---|---|---|---|
| 005 | 20100809103132.0 | ||
| 010 | _aENG-99045 | ||
| 020 |
_a818998506X _c75.00 |
||
| 020 |
_a9788189985066 _c75.00 |
||
| 035 | _aEN-82577 | ||
| 037 | _bDBAD/PUB | ||
| 082 | _a883.08 | ||
| 100 |
_aPalani, N. _99064 |
||
| 245 |
_aGeetha hariharan and her women / _cby N. Palani |
||
| 260 |
_aChennai _bMayura Books _c2009 |
||
| 270 |
_aNo.12/1, East Mada Street, Mytapore _bChennai _e600004 |
||
| 300 |
_a72p. _c21cm (pbk) |
||
| 500 | _aIncludes bibliographical references | ||
| 942 |
_2ddc _cEN _mPAL |
||
| 999 |
_c40224 _d40224 |
||